000 00599nam a2200241Ia 4500
003 OSt
005 20221007070957.0
006 a|||||r|||| 00| 0
007 ta
008 221006b |||||||| |||| 00| 0 eng d
024 _a33,544
037 _cTextual
040 _aFLL
_cFLL
_beng
041 _2eng
_aeng
082 _aZQ7,2,414, P8
100 _aKader S.A.
245 0 _aLaw of wakes
250 _a2nd
260 _aKolkata
_bEastern Law House India
_c2008
300 _a44,579p
_ccm.
942 _hZQ7,2,414, P8
_cTEXL
_2CC
999 _c1142039
_d1142039